MARC details
| 000 -LEADER |
| fixed length control field |
02728nam a2200397Ka 4500 |
| 001 - CONTROL NUMBER |
| control field |
bslw06294138 |
| 003 - CONTROL NUMBER IDENTIFIER |
| control field |
UtOrBLW |
| 005 - DATE AND TIME OF LATEST TRANSACTION |
| control field |
20210303085331.0 |
| 006 - FIXED-LENGTH DATA ELEMENTS--ADDITIONAL MATERIAL CHARACTERISTICS |
| fixed length control field |
m d |
| 007 - PHYSICAL DESCRIPTION FIXED FIELD--GENERAL INFORMATION |
| fixed length control field |
cr un||||||||| |
| 008 - FIXED-LENGTH DATA ELEMENTS--GENERAL INFORMATION |
| fixed length control field |
101115s2006 enk o 000 0 eng d |
| 020 ## - INTERNATIONAL STANDARD BOOK NUMBER |
| International Standard Book Number |
9781849504485 (electronic bk.) : |
| Terms of availability |
£58.95 ; €82.95 ; $106.95 |
| 040 ## - CATALOGING SOURCE |
| Original cataloging agency |
UtOrBLW |
| Transcribing agency |
UtOrBLW |
| 050 #4 - LIBRARY OF CONGRESS CALL NUMBER |
| Classification number |
HF5630 |
| Item number |
.A38 2006 |
| 072 #7 - SUBJECT CATEGORY CODE |
| Subject category code |
KJM |
| Source |
bicssc |
| 072 #7 - SUBJECT CATEGORY CODE |
| Subject category code |
BUS |
| Source |
bicssc |
| 072 #7 - SUBJECT CATEGORY CODE |
| Subject category code |
BUS001000 |
| Source |
bisacsh |
| 072 #7 - SUBJECT CATEGORY CODE |
| Subject category code |
BUS041000 |
| Source |
bisacsh |
| 080 ## - UNIVERSAL DECIMAL CLASSIFICATION NUMBER |
| Universal Decimal Classification number |
336.717.16 |
| 082 04 - DEWEY DECIMAL CLASSIFICATION NUMBER |
| Classification number |
657 |
| Edition number |
22 |
| 245 00 - TITLE STATEMENT |
| Title |
Advances in accounting behavioral research. |
| Number of part/section of a work |
Vol. 9 |
| Medium |
[electronic resource] / |
| Statement of responsibility, etc. |
edited by Vicky Arnold ... [et. al]. |
| 260 ## - PUBLICATION, DISTRIBUTION, ETC. |
| Place of publication, distribution, etc. |
Bingley, U.K. : |
| Name of publisher, distributor, etc. |
Emerald, |
| Date of publication, distribution, etc. |
2006. |
| 300 ## - PHYSICAL DESCRIPTION |
| Extent |
1 online resource (xii, 235 p.). |
| 490 0# - SERIES STATEMENT |
| Series statement |
Advances in accounting behavioral research, |
| International Standard Serial Number |
1475-1488 |
| 505 0# - FORMATTED CONTENTS NOTE |
| Formatted contents note |
The impact of accountability on the processing of nondiagnostic evidence / Michael Favere-Marchesi, Karen V. Pincus -- Understanding investment expertise and factors that influence the information processing and performance of investment experts / Kinsun Tam, James L. Bierstaker, Inshik Seol -- The influence of outcome knowledge on judges and jurors' evaluations of auditor decisions : a review and synthesis of prior research / D. Jordan Lowe, Philip M.J. Reckers -- Why you should consider SEM : a guide to getting started / Cindy Blanthorne, L. Allison Jones-Farmer, Elizabeth Dreike Almer -- A postmodern stakeholder analysis of telework / Anita Reed, James E. Hunton, Carolyn Strand Norman -- Auditors' memory of internal control information : the effect of documentation preparation versus review / Lori S. Kopp, James L. Bierstaker -- Internal auditor burnout : an examination of behavioral consequences / Timothy J. Fogarty, Lawrence P. Kalbers -- Fairness, budget satisfaction, and budget performance : a path analytic model of their relationships / Adam S. Maiga. |
| 520 ## - SUMMARY, ETC. |
| Summary, etc. |
Volume 9 of Advances in Accounting Behavioral Research presents further empirical research in accounting theory. Its content is of wide appeal and crosses into the fields of applied psychology, sociology, management science, and economics. It presents empirical research in accounting theory. |
| 588 0# - SOURCE OF DESCRIPTION NOTE |
| Source of description note |
Print version record |
| 650 #7 - SUBJECT ADDED ENTRY--TOPICAL TERM |
| Topical term or geographic name entry element |
Business & Economics |
| General subdivision |
Accounting |
| -- |
General. |
| Source of heading or term |
bisacsh |
| 650 #7 - SUBJECT ADDED ENTRY--TOPICAL TERM |
| Topical term or geographic name entry element |
Business & Economics |
| General subdivision |
Management. |
| Source of heading or term |
bisacsh |
| 650 #7 - SUBJECT ADDED ENTRY--TOPICAL TERM |
| Topical term or geographic name entry element |
Management & management techniques. |
| Source of heading or term |
bicssc |
| 650 #0 - SUBJECT ADDED ENTRY--TOPICAL TERM |
| Topical term or geographic name entry element |
Accounting |
| General subdivision |
Psychological aspects |
| -- |
Research. |
| 700 1# - ADDED ENTRY--PERSONAL NAME |
| Personal name |
Arnold, Vicky. |
| 776 1# - ADDITIONAL PHYSICAL FORM ENTRY |
| International Standard Book Number |
9780762313532 |
| 856 40 - ELECTRONIC LOCATION AND ACCESS |
| Uniform Resource Identifier |
<a href="https://www.emerald.com/insight/publication/doi/10.1016/S1475-1488(2006)9">https://www.emerald.com/insight/publication/doi/10.1016/S1475-1488(2006)9</a> |
| 913 ## - |
| -- |
BMEbacklist |